00380nam a2200157Ia 45000010006000000050017000060080041000230410008000640820017000721000024000892450049001132600009001623000035001716500008002066540008002142250120260414150835.0260414t2013||||xx |||||||||||||| ||spa|| aESP a621.382bB24 aBarker, KeitheAUT 0aCCNA-Security 640-554 :bofficial cert guide c2013 axxxii, 647 páginas :c23 cm. aTCA aCET